Die Nährstoffe eines Apfels - Statistiken

Allgemein
  • Dieses Quiz wurde 35 mal gespielt
  • Das Durchschnittsergebnis liegt bei 5 aus 10
Antwortstatistiken
Gehalt Nährstoff % Korrekt
12mg Vitamin C
86%
85g Wasser
69%
6µg Vitamin A
66%
11,4 Kohlenhydrate
55%
0,3g Eiweiß
52%
0,6g Fett
52%
120mg Kalium
52%
5mg Kalzium
45%
0,25mg Eisen
41%
2g Ballaststoffe
31%
Keine übereinstimmenden Quizze gefunden
Verteilung der Resultate
Anzahl Personen mit jedem Resultat
Perzentil nach korrekt beantworteten Fragen
Ihre Resultats-Entwicklung
Sie haben dieses Quiz noch nicht gespielt